Управление на времето (Запис номер 78063)
[ съкратено ]
| 000 -Лидер | |
|---|---|
| Контролно поле с фиксирана дължина | 01523nam a2200349 c 4500 |
| 003 - Код на организацията, давaща контролен номер | |
| Контролно поле | BLK |
| 005 - Дата и час на последна редакция | |
| Контролно поле | 20201219110553.0 |
| 008 - Елементи от данни с фиксирана дължина | |
| fixed length control field | 180408b bul|||||r ||||||| ||bul|| |
| 010 ## - Наследен системен номер | |
| LC control number | KNG00082528000 |
| 020 ## - Международен стандартен номер на книга ISBN | |
| Международен стандартен номер на книга ISBN | 978-954-92061-2-8 |
| 040 ## - Източник на каталожния запис | |
| Идентификатор на билиотеката - собственик на записа | BLK |
| 041 ## - Код за език | |
| Код за езика на текст/звукозапис или на отделно заглавие | Български |
| Код за езика КДБФ | Български |
| 080 ## - УДК | |
| Текстов определител УДК | Методи на управление. Мениджмънт. Анализи, планиране, ръководство, сътрудничество, контрол, коопериране и др. |
| УДК код - определител по УДК | 005.5 |
| УДК - код + определител | 005.5 |
| 139 ## - Редно поле | |
| Редна дума | Управление на времето |
| Авторски знак | Упр - У 73 |
| 245 10 - Сведения за заглавието | |
| Заглавие | Управление на времето |
| Подзаглавни данни | Експертни отговори на ежедневни предизвикателства |
| Редно поле (дума) | прев. от англ. Ралица Бойчева Кариева. |
| 257 ## - Страна на издаване | |
| Страна на създаване/издаване | Съединени американски щати |
| 260 ## - Област на издателските данни | |
| Име на издателя, разпространителя и проч. | Мениджър |
| Година на издаване | 2007 |
| Печатница | София : Манта Принт |
| 300 ## - Физическа характеристика | |
| Страници | 91 с. |
| Размери/Мащаб | 18 см |
| 380 ## - Жанр | |
| Жанр | Общ отдел |
| 490 1# - СЕРИИ (Колекции) | |
| Име на серия | Серия Джобен наставник |
| №: серия | 2 |
| 500 ## - Общи забележки | |
| Забележка | Ориг. загл. Managing Time. - Библиогр. с. 87-91. |
| 504 ## - Забележка за наличие на библиография и др | |
| Забележка за наличие на библиография и под. | 87-91 |
| 650 #4 - Допълнително описание по предмет – тема | |
| Основно описание – тема или топоним | Мениджмънт |
| 9 (RLIN) | 161870 |
| 653 ## - Ключова дума – ненормативна | |
| Ключова дума | мениджмънт |
| 653 ## - Ключова дума – ненормативна | |
| Ключова дума | управленски решения |
| 700 1# - Други автори (авторска отговорност) | |
| Лично име | Кариева, Ралица Бойчева |
| Автороска отговорност (Описва отношението между автора и произведението) | прев. от англ. |
| 9 (RLIN) | 77094 |
| 852 ## - Местоположение | |
| Форматна сигнатура | Цб І 32976 |
| 856 4# - Електронен адрес и достъп | |
| Електронен формат | pdf - файл |
| 856 4# - Електронен адрес и достъп | |
| Електронен формат | pdf - файл |
| 999 ## - СИСТЕМНИ КОНТРОЛНИ НОМЕРА | |
| Koha biblionumber | 78063 |
| Koha biblioitemnumber | 78063 |
| 942 ## - АРТИКУЛИ | |
| Вид на библиотечния материал | Книги |
| Скрит в OPAC | Не |
| Koha issues (borrowed), all copies | 7 |
| Периодичен библиозапис | Да |
| 944 ## - СЪЗДАВАНЕ И РЕДАКЦИЯ на ЗАПИСА | |
| Създаване/Редакция | Създаване |
| Дата на регистрацията/редакция | 20.03.2008 |
| Служител, извършил регистрацията/редакцията | Людмила_Стоянова |
| 944 ## - СЪЗДАВАНЕ И РЕДАКЦИЯ на ЗАПИСА | |
| Създаване/Редакция | Редакция |
| Дата на регистрацията/редакция | 20.10.2008 |
| 999 ## - СИСТЕМНИ КОНТРОЛНИ НОМЕРА | |
| Koha biblioitemnumber | 78063 |
| Код за отписване | Код за изгубен артикул | Код за повреда | Коз за рестрикции | Код за отдаване | Артикулен № | Име на библиотеката - собственик | Име на библиотеката, в която се намира в момента | Статус (Текущо местоположение) | Дата на вписване в системата | Местоположение - отдел | Цена в лева | Инвентарен номер | Систематично азбучна сигнатура | Баркод | Номер на екземпляра | Цена в евро | Служебна бележка | Служебен тип на артикула | Източник на класификационната схема |
|---|---|---|---|---|---|---|---|---|---|---|---|---|---|---|---|---|---|---|---|
| Не е изгубен | Не е повреден | без рестрикции | ползва се в читалня | 126380 | Регионална библиотека "Любен Каравелов" Русе | Регионална библиотека "Любен Каравелов" Русе | Хранилище | 2008-03-24 | Хранилище | 5.90 | 120000724743 | Цб І 32976 | 120000724743 | 1 | 3.02 | Дост: Dp Вид: Д N: 5 Дата: 02.01.2008 | Книги | ||
| Не е изгубен | Не е повреден | без рестрикции | заемане за дома | 126381 | Регионална библиотека "Любен Каравелов" Русе | Регионална библиотека "Любен Каравелов" Русе | Заемна - подръчен фонд | 2008-09-26 | Заемна - подръчен фонд | 5.90 | 120000729575 | 005.5/У 73 | 120000729575 | 2 | 3.02 | Дост: Pk Вид: Ф N: 8934 Дата: 24.09.2008 Дата инв: 06.02.2018 Бележки инв: П2018 | Книги | Universal Decimal Classification | |
| Изтеглен | Не е изгубен | Не е повреден | без рестрикции | заемане за дома | 126382 | Регионална библиотека "Любен Каравелов" Русе | Регионална библиотека "Любен Каравелов" Русе | Заемна - подръчен фонд | 2008-09-26 | Заемна - подръчен фонд | 5.90 | 120000729576 | 005.5/У 73 | 120000729576 | 3 | 3.02 | Дост: Pk Вид: Ф N: 8934 Дата: 24.09.2008 Дата инв: 06.02.2018 Бележки инв: П2018 | Книги | Universal Decimal Classification |